Responses for show #669 - Thursday, July 2, 1987

Doug Molitor game 5. Eric Berman game 1.

Contestants

[<< previous game]

Eric Berman, a journalist from Crown Point, Indiana

Carol Center, a teacher from El Cajon, California

Doug Molitor, a writer from Brentwood, California (whose 4-day cash winnings total $51,001)

[next game >>]

Jeopardy! Round responses

HORSES
INCREDIBLE EDIBLES
MUSICAL INTROS
(Alex: These could be verses or instrumental lead-ins to pop songs.)
MEN & WOMEN
HOWDY DOODY
"IN" & "OUT"
    $100 18
(Carol: What is [*] or flat racing?)

harness

Carol
    $100 23
porcupines

Doug
    $100 1
"I Left My Heart in San Francisco"

Eric
    $100 11
never done

Eric
    $100 16
What time is it?

Doug
    $100 2
out of bounds

Eric
    $200 22
(Alex: Eric, less than a minute to go, you select.)

quarterhorse

Triple Stumper
    $200 7
"New York, New York"

Eric
    $200 12
marrying each other

Carol
    $200 17
Canada

Eric
    $200 3
interstellar

Doug
    $300 8
"Singin' in the Rain"

Eric
    $300 13
Mae West

Eric
    $300 19
grocer (general store keeper)

Doug
    $300 4
out of the way place

Carol
    $400 25
(Doug: Uh, what is a stingray?)

fish

Doug
Triple Stumper
    $400 9
(Alex: [*], Fred Astaire performing, right.)

"Night and Day"

Eric
    $400 14
vote

Doug
    $1,000 20
(Doug: Ooh, what was the, uh, I don't know, Farkle?)

Flub-a-dub

Doug
    $400 5
invest

Eric
    $500 26
fox hunting

Doug
    $500 24
(Doug: Ooh, tasty.)

blood pudding

Triple Stumper
    $500 10
(Alex: [no one ringing in as the music played] I think we could probably go into the commercial with this song.)
[Laughter.]
(Alex: It goes back to the great Columbia days of Frank Sinatra, [*].)

"I've Got a Crush on You"

Triple Stumper
    $500 15
Rudyard Kipling

Eric
    $500 21
Chief Thunderthud

Eric
    $500 6
introit

Eric

Scores at the first commercial break (after clue 10):

Doug Carol Eric
$200 $300 $2,000

Scores at the end of the Jeopardy! Round:

Doug Carol Eric
$200 $600 $3,600

Double Jeopardy! Round responses

20TH CENTURY PERSONALITIES
[The "TH" was upper case and smaller than the 20.]
MOVIE QUOTES
ON OLD MAPS
FICTIONAL SISTERS
WEATHER
"UP" & "DOWN"
    $200 11
(Alex: Yes, he was guilty.)

Lee Harvey Oswald

Carol
    $200 6
Wizard of Oz

Eric
    $200 1
Pittsburgh

Doug
    $200 18
Sister Carrie

Eric
    $200 23
thunder

Carol
    $200 13
up periscope

Eric
    $400 12
(Doug: What was Vietnam?)

World War I

Doug
Triple Stumper
    $400 7
Butch Cassidy and the Sundance Kid

Eric
    $400 2
Oslo

Doug
    $400 19
sister-in-law

Doug
    $800 24
(Carol: What are stars?)

clouds

Carol
    $400 14
downbeat

Eric
    $600 26
Portugal

Triple Stumper
    $600 8
Gone with the Wind

Doug
    $600 3
Zaire

Doug
    $600 25
(Alex: The lady who loved Heathcliff in Wuthering Heights, [*].)

Catherine

Triple Stumper
    $600 27
(Alex: We've got less than a minute to go.)

storm (rain)

Doug
    $600 15
Downing Street

Eric
    $800 29
Archbishop Makarios

Triple Stumper
    $800 9
(Alex: Spoken by Gloria Swanson, correct.)

Sunset Boulevard

Carol
    $800 4
Volgograd

Doug
    $2,800 21
(Doug: Oh! Who was...uh, uh, Claudia?)

Cordelia

Doug
    $800 30
(Alex: [*] is right for 800, select. Oh, we're out of it again?)
[Laughter]
(Alex: That's twice this week I've been so involved in a match in which you were featured, Doug, that I forgot where we were.)

monsoon

Doug
    $800 16
Down and Out

Eric
    $1000 28
Woodrow Wilson

Eric
    $1000 10
(Alex: Yes, Katharine Hepburn speaking to Humphrey Bogart, go.)

The African Queen

Eric
    $1000 5
(Doug: What is Dearborn?)
(Eric: What is Detroit?)

Chicago

DougEric
Triple Stumper
    $1000 20
James Joyce

Doug
    $1000 22
sea level

Eric
    $1000 17
upheaval

Carol

Scores at the end of the Double Jeopardy! Round:

Doug Carol Eric
$1,400 $2,000 $8,400
(lock game)

[wagering suggestions for these scores]

Final Jeopardy! Round responses

THE BIBLE
[Alex clarified that Raphah (father) or Lahmi (brother) of [*] would have also had to have been accepted.]
DougWho was Goliath?
$1,400
CarolWho was Goliath?
$900
EricWho was Goliath
$3,000
Goliath (Raphah or Lahmi)

Final scores:

Doug Carol Eric
$2,800 $2,900 $11,400
3rd place: Smith Corona typewriter 2nd place: Aurora dining group + Char-Broil gas grill New champion: $11,400

Game dynamics:

Coryat scores:

Doug Carol Eric
$5,200 $2,800 $8,400
15 R,
5 W
(including 2 DDs)
7 R,
1 W
(including 1 DD)
22 R,
1 W

Combined Coryat: $16,400

The J! Archive is created by fans, for fans. The Jeopardy! game show and all elements thereof, including but not limited to copyright and trademark thereto, are the property of Jeopardy Productions, Inc. and are protected under law. This website is not affiliated with, sponsored by, or operated by Jeopardy Productions, Inc. Join the discussion at JBoard.tv.